| 000 | 00951nam a2200313 a 4500 | ||
|---|---|---|---|
| 001 | 000108139 | ||
| 003 | CHAP | ||
| 005 | 20220329143959.0 | ||
| 008 | 131209s2011 dcua |r| |||1|||eng d | ||
| 010 | _a104601 | ||
| 011 | _a105573 | ||
| 020 | _a9781555815363 | ||
| 040 | _cCHAP | ||
| 082 | 0 | 4 |
_a576.11192 _bS87 |
| 100 | 1 |
_aStolz, John F. _9124992 |
|
| 245 | 1 | 0 |
_aMicrobial metal and metalloid metabolism : _badvances and applications / _cpor John F. Stolz y Ronald S. Oremland. |
| 260 |
_aWashington, DC : _bASM Press, _c2011. |
||
| 300 |
_axv, 369 p. : _bil. |
||
| 500 | _aincluye bibliografías | ||
| 590 |
_aE5652GLJ _b05 _c20131209 _lUCH01 _h1008 |
||
| 590 |
_aE5652GLJ _b05 _c20131209 _lUCH01 _h1124 |
||
| 650 | 1 | 4 |
_aBiogeoquímica. _912745 |
| 650 | 1 | 4 |
_aMicroorganismos _xMetabolismo. _975525 |
| 650 | 1 | 4 |
_aOrganometálicos (Compuestos) _983565 |
| 700 | 1 |
_aOremland, Ronald S. _9124993 |
|
| 901 | _aBK | ||
| 942 | _cLIBRO | ||
| 942 | _n0 | ||
| 999 |
_c104601 _d104601 |
||